000
00254nam a2200121Ia 4500
008
190216s9999||||xx |||||||||||||| ||und||
100
_a
Null
245
0
_a
Narayana Ravu
260
_b
D C Books Kerala
300
_a
456p
650
_a
Novel
942
_c
BK
999
_c
24965
_d
24965